000 01013nas a2200301 4500
001 BR9206980
003 BR-BrBNA
005 20231205100442.0
007 ta
008 230509b bl.|||p| |||| 00| 00por d
040 _aBR-BrBNA
_bpor
_cBiblioteca Nacional de Agricultura
041 _a(Pt)
072 _aF01
100 1 _aCastro, P.R.C.
100 1 _aMoreti, A.C.C.C.
100 1 _aToledo Filho, M.R.
100 1 _aBernardes, M.S.
100 1 _aSilva Filho, N.L.
100 1 _aPeres Filho, O.
245 1 _aEstimulacao do enraizamento de estacas de seringueira (Havea brasiliensis Muell. Arg.)pela aplicacao de reguladores vegetais
650 _aSeringueira
650 _aRegulador de Crescimento
650 _aEnraizamento de Estaca
650 _aEstimulante de Crescimento Vegetal
773 0 _tAnais da Escola Superior de Agricultura Luiz de Queiroz (Brazil)
_xISSN 0071-1276
_g(1987), v. 44(2) p. 1025-1035
_wBR9206980
909 _a202311
_bLúcia
_c55
_dLúcia Elande
942 _2AGRIS
_n0
_cANA
999 _c156106
_d156106